[Event "Rhein Main op-B 22nd"]
[Site "Bad Homburg"]
[Date "2019.06.23"]
[Round "7"]
[White "Jiritschka, Wolfgang"]
[Black "Burkart, Lloyd Shang"]
[Result "1-0"]
[WhiteElo "1871"]
[BlackElo "1411"]
[PlyCount "137"]
[EventDate "2019.06.19"]
[EventType "swiss"]
[EventRounds "7"]
[EventCountry "GER"]
[SourceTitle "EXT 2020"]
[Source "ChessBase"]
[SourceDate "2019.10.17"]
[SourceVersion "1"]
[SourceVersionDate "2019.10.17"]
[SourceQuality "1"]

1. c4 Nf6 2. Nc3 c5 3. g3 e6 4. Nf3 b6 5. Bg2 Bb7 6. 0-0 d6 7. b3 Be7 8. d4 cxd4 9. Nxd4 Bxg2 10. Kxg2 a6 11. e4 0-0 12. Be3 Qc7 13. Rc1 Qb7 14. f3 Nbd7 15. Qe2 Rac8 16. Rfd1 Rfd8 17. Bf2 h6 18. Kg1 Nc5 19. g4 g5 20. Nc2 Nh7 21. Bg3 Bf6 22. Ne3 Bxc3 23. Rxc3 Qe7 24. Rc2 Nb7 25. Rcd2 Nf6 26. Rd4 Ne8 27. Qd2 b5 28. Qb4 bxc4 29. Nxc4 a5 30. Nxa5 Nxa5 31. Qxa5 Ra8 32. Qd2 Qa7 33. Qf2 Qxa2 34. Qxa2 Rxa2 35. R4d2 Rxd2 36. Rxd2 d5 37. exd5 Rxd5 38. Rxd5 exd5 39. Kf2 Kf8 40. Ke3 Ke7 41. f4 Nf6 42. Kd4 Nxg4 43. Kxd5 Nxh2 44. Bxh2 g4 45. Ke5 h5 46. Bg3 f6+ 47. Kf5 Kf7 48. b4 Ke7 49. Kg6 h4 50. Bxh4 Ke6 51. b5 Kd5 52. Kxf6 Kc5 53. Ke6 Kxb5 54. f5 g3 55. Bxg3 Kc4 56. f6 Kd4 57. f7 Ke4 58. f8Q Kd4 59. Qd6+ Ke3 60. Qf4+ Kd3 61. Kd5 Kc3 62. Qc4+ Kd2 63. Qb3 Ke2 64. Ke4 Kd2 65. Qd3+ Kc1 66. Qe2 Kb1 67. Kd3 Ka1 68. Be5+ Kb1 69. Qb2# 1-0

[Event "Rhein Main op-B 22nd"]
[Site "Bad Homburg"]
[Date "2019.06.21"]
[Round "4"]
[White "Jiritschka, Wolfgang"]
[Black "Friedel, Thomas"]
[Result "1/2-1/2"]
[WhiteElo "1871"]
[BlackElo "1625"]
[PlyCount "45"]
[EventDate "2019.06.19"]
[EventType "swiss"]
[EventRounds "7"]
[EventCountry "GER"]
[SourceTitle "EXT 2020"]
[Source "ChessBase"]
[SourceDate "2019.10.17"]
[SourceVersion "1"]
[SourceVersionDate "2019.10.17"]
[SourceQuality "1"]

1. c4 e5 2. Nc3 Nf6 3. g3 Bc5 4. Bg2 Nc6 5. e3 d6 6. Nge2 Bg4 7. h3 Bf5 8. d3 0-0 9. 0-0 Qd7 10. Kh2 h6 11. a3 a5 12. Nd5 Nxd5 13. cxd5 Ne7 14. Nc3 c6 15. d4 Bb6 16. dxc6 Nxc6 17. d5 Ne7 18. Qb3 Bc5 19. Bd2 a4 20. Qd1 Bd3 21. Re1 Bc4 22. f4 f5 23. e4 1/2-1/2

[Event "Mittelrhein Verbandsliga-N 18/19"]
[Site "Nordrheinwestfalen"]
[Date "2018.11.18"]
[Round "4.7"]
[White "Jiritschka, Wolfgang"]
[Black "Hendrichs, Udo"]
[Result "0-1"]
[WhiteElo "1795"]
[BlackElo "1880"]
[PlyCount "26"]
[EventDate "2018.09.02"]
[EventType "team-tourn"]
[EventRounds "12"]
[EventCountry "GER"]
[SourceTitle "EXT 2022"]
[Source "ChessBase"]
[SourceDate "2021.10.06"]
[SourceVersion "1"]
[SourceVersionDate "2021.10.06"]
[SourceQuality "1"]
[WhiteTeam "Leverkusen SC Bayer"]
[BlackTeam "Langenfeld II"]
[WhiteTeamCountry "GER"]
[BlackTeamCountry "GER"]

1. c4 e6 2. Nc3 d5 3. e3 f5 4. d4 Nf6 5. Nf3 c6 6. a3 Bd6 7. Be2 0-0 8. 0-0 Nbd7 9. h3 Ne4 10. Qc2 Qe8 11. Ne1 Qg6 12. f4 Qg3 13. Rf3 Qxe1+ 0-1

[Event "Mittelrhein Regionalliga 1718"]
[Site "Nordrheinwestfalen"]
[Date "2018.02.04"]
[Round "6.7"]
[White "Jiritschka, Wolfgang"]
[Black "Vetter, Herbert"]
[Result "1/2-1/2"]
[WhiteElo "1753"]
[BlackElo "2121"]
[PlyCount "36"]
[EventDate "2017.09.10"]
[EventType "team-tourn"]
[EventRounds "9"]
[EventCountry "GER"]
[SourceTitle "EXT 2022"]
[Source "ChessBase"]
[SourceDate "2021.10.06"]
[SourceVersion "1"]
[SourceVersionDate "2021.10.06"]
[SourceQuality "1"]
[WhiteTeam "Leverkusen SC Bayer"]
[BlackTeam "Langenfeld"]
[WhiteTeamCountry "GER"]
[BlackTeamCountry "GER"]

1. c4 c5 2. Nc3 Nc6 3. g3 g6 4. Bg2 Bg7 5. Nf3 Nf6 6. 0-0 0-0 7. e4 d6 8. d3 e6 9. Be3 Ng4 10. Bg5 Bf6 11. Qd2 Nge5 12. Bxf6 Nxf3+ 13. Bxf3 Qxf6 14. Bg2 Nd4 15. f4 Bd7 16. Rae1 Bc6 17. b3 Rad8 18. Ne2 Nxe2+ 1/2-1/2

[Event "Mittelrhein Verbandsliga-M 16/17"]
[Site "Nordrheinwestfalen"]
[Date "2017.04.30"]
[Round "11.8"]
[White "Andreas, Eike"]
[Black "Jiritschka, Wolfgang"]
[Result "1/2-1/2"]
[WhiteElo "1087"]
[BlackElo "1795"]
[PlyCount "32"]
[EventDate "2016.09.11"]
[EventType "team-tourn"]
[EventRounds "11"]
[EventCountry "GER"]
[SourceTitle "EXT 2022"]
[Source "ChessBase"]
[SourceDate "2021.10.06"]
[SourceVersion "1"]
[SourceVersionDate "2021.10.06"]
[SourceQuality "1"]
[WhiteTeam "Langenfeld II"]
[BlackTeam "Leverkusen SC Bayer"]
[WhiteTeamCountry "GER"]
[BlackTeamCountry "GER"]

1. e4 c5 2. Nf3 Nc6 3. Nc3 g6 4. Bc4 Bg7 5. 0-0 Nf6 6. d3 d6 7. h3 a6 8. a4 0-0 9. Bd2 e6 10. Bg5 Qc7 11. Re1 Bd7 12. d4 cxd4 13. Nxd4 Rac8 14. Bb3 Ne5 15. Nf3 Rfd8 16. Nxe5 dxe5 1/2-1/2

[Event "Mittelrhein Verbandsliga-M 16/17"]
[Site "Nordrheinwestfalen"]
[Date "2017.03.19"]
[Round "9.8"]
[White "Dorloff, Jakobus"]
[Black "Jiritschka, Wolfgang"]
[Result "1/2-1/2"]
[WhiteElo "1533"]
[BlackElo "1811"]
[PlyCount "48"]
[EventDate "2016.09.11"]
[EventType "team-tourn"]
[EventRounds "11"]
[EventCountry "GER"]
[SourceTitle "EXT 2022"]
[Source "ChessBase"]
[SourceDate "2021.10.06"]
[SourceVersion "1"]
[SourceVersionDate "2021.10.06"]
[SourceQuality "1"]
[WhiteTeam "Rheinpark BSG"]
[BlackTeam "Leverkusen SC Bayer"]
[WhiteTeamCountry "GER"]
[BlackTeamCountry "GER"]

1. e4 c5 2. c3 Nf6 3. e5 Nd5 4. d4 cxd4 5. cxd4 Nc6 6. Nf3 d6 7. Bc4 Nb6 8. Bb5 a6 9. Ba4 Nxa4 10. Qxa4 b5 11. Qb3 dxe5 12. Nxe5 Nxe5 13. dxe5 e6 14. 0-0 Bb7 15. Be3 Be7 16. Nc3 0-0 17. Rad1 Qc7 18. f4 b4 19. Ne2 Qc6 20. Rf2 Bh4 21. Ng3 Rfd8 22. Rfd2 Rxd2 23. Rxd2 a5 24. Qd3 Rc8 1/2-1/2

[Event "Mittelrhein Verbandsliga-M 16/17"]
[Site "Nordrheinwestfalen"]
[Date "2016.12.18"]
[Round "5.7"]
[White "Yang, Daniel"]
[Black "Jiritschka, Wolfgang"]
[Result "1/2-1/2"]
[WhiteElo "1680"]
[BlackElo "1811"]
[PlyCount "52"]
[EventDate "2016.09.11"]
[EventType "team-tourn"]
[EventRounds "11"]
[EventCountry "GER"]
[SourceTitle "EXT 2022"]
[Source "ChessBase"]
[SourceDate "2021.10.06"]
[SourceVersion "1"]
[SourceVersionDate "2021.10.06"]
[SourceQuality "1"]
[WhiteTeam "Porz SG V"]
[BlackTeam "Leverkusen SC Bayer"]
[WhiteTeamCountry "GER"]
[BlackTeamCountry "GER"]

1. d4 Nf6 2. Nf3 g6 3. g3 Bg7 4. Bg2 c5 5. c4 0-0 6. Nc3 d5 7. 0-0 Nc6 8. cxd5 Nxd5 9. Nxd5 Qxd5 10. dxc5 Qxc5 11. Qa4 Qb4 12. Qxb4 Nxb4 13. Bd2 Nd5 14. e4 Nb6 15. Rab1 Nc4 16. b3 Nxd2 17. Nxd2 Be6 18. Nc4 Rac8 19. Ne3 Bd4 20. Nd5 Bxd5 21. exd5 Rc2 22. Rbd1 Bc5 23. a4 b6 24. Rb1 a5 25. Be4 Rd2 26. Kg2 Rd8 1/2-1/2

[Event "Mittelrhein Verbandsliga-M 16/17"]
[Site "Nordrheinwestfalen"]
[Date "2016.09.11"]
[Round "1.8"]
[White "Jiritschka, Wolfgang"]
[Black "Decker, Andreas"]
[Result "1-0"]
[WhiteElo "1811"]
[BlackElo "1764"]
[PlyCount "53"]
[EventDate "2016.09.11"]
[EventType "team-tourn"]
[EventRounds "11"]
[EventCountry "GER"]
[SourceTitle "EXT 2022"]
[Source "ChessBase"]
[SourceDate "2021.10.06"]
[SourceVersion "1"]
[SourceVersionDate "2021.10.06"]
[SourceQuality "1"]
[WhiteTeam "Leverkusen SC Bayer"]
[BlackTeam "Koeln Muelheim"]
[WhiteTeamCountry "GER"]
[BlackTeamCountry "GER"]

1. c4 Nf6 2. Nc3 d5 3. cxd5 Nxd5 4. Nf3 c5 5. g3 Nc6 6. Bg2 Nc7 7. 0-0 e5 8. d3 Be7 9. Be3 Rb8 10. Rc1 Ne6 11. Nd2 0-0 12. Nd5 Bd7 13. f4 exf4 14. Nxf4 Nxf4 15. Bxf4 Rc8 16. Ne4 Be6 17. Kh1 b6 18. a3 h6 19. Nd2 Qd7 20. Nc4 f6 21. Be4 Rfd8 22. Bd2 Bd5 23. Bg2 Bxg2+ 24. Kxg2 Qd5+ 25. Kg1 b5 26. Ne3 c4 27. Nxd5 1-0

[Event "Mittelrhein Verbandsliga-M 15/16"]
[Site "Nordrheinwestfalen"]
[Date "2016.01.31"]
[Round "7.8"]
[White "Jiritschka, Wolfgang"]
[Black "Prinz, Heiko"]
[Result "1-0"]
[WhiteElo "1813"]
[BlackElo "1294"]
[PlyCount "57"]
[EventDate "2015.09.06"]
[EventType "team-tourn"]
[EventRounds "11"]
[EventCountry "GER"]
[SourceTitle "EXT 2022"]
[Source "ChessBase"]
[SourceDate "2021.10.06"]
[SourceVersion "1"]
[SourceVersionDate "2021.10.06"]
[SourceQuality "1"]
[WhiteTeam "Leverkusen SC Bayer"]
[BlackTeam "Gruenfeld"]
[WhiteTeamCountry "GER"]
[BlackTeamCountry "GER"]

1. c4 Nf6 2. Nc3 e6 3. Nf3 d5 4. e3 c6 5. b3 Be7 6. Bb2 Nbd7 7. d4 0-0 8. Bd3 dxc4 9. Bxc4 b5 10. Bd3 Bb7 11. 0-0 a6 12. Rc1 Rc8 13. Ne4 c5 14. Nxc5 Nxc5 15. dxc5 Bxf3 16. gxf3 Bxc5 17. Qe2 Nd5 18. f4 Qh4 19. Kh1 Bd6 20. Rg1 Nf6 21. Rcd1 Rfd8 22. Rg5 e5 23. Rdg1 Bf8 24. Bxe5 Rxd3 25. Bxf6 Qh6 26. Qxd3 Qxf6 27. Rd1 Be7 28. Rf5 Qc6+ 29. Qd5 1-0

[Event "Mittelrhein Verbandsliga-M 15/16"]
[Site "Nordrheinwestfalen"]
[Date "2015.12.13"]
[Round "5.7"]
[White "Dizdarevic, Alen"]
[Black "Jiritschka, Wolfgang"]
[Result "1/2-1/2"]
[WhiteElo "1827"]
[BlackElo "1813"]
[PlyCount "28"]
[EventDate "2015.09.06"]
[EventType "team-tourn"]
[EventRounds "11"]
[EventCountry "GER"]
[SourceTitle "EXT 2022"]
[Source "ChessBase"]
[SourceDate "2021.10.06"]
[SourceVersion "1"]
[SourceVersionDate "2021.10.06"]
[SourceQuality "1"]
[WhiteTeam "Rheinpark BSG"]
[BlackTeam "Leverkusen SC Bayer"]
[WhiteTeamCountry "GER"]
[BlackTeamCountry "GER"]

1. d4 Nf6 2. Nf3 g6 3. c4 c5 4. e3 Bg7 5. Be2 0-0 6. 0-0 d5 7. cxd5 cxd4 8. Nxd4 Nxd5 9. e4 Nb4 10. a3 Qxd4 11. Qxd4 Bxd4 12. axb4 a6 13. Nc3 Be6 14. Rd1 Bg7 1/2-1/2

[Event "Solingen Karneval op"]
[Site "Solingen"]
[Date "2013.02.10"]
[Round "5"]
[White "Herzum, Peter"]
[Black "Jiritschka, Wolfgang"]
[Result "1-0"]
[WhiteElo "1854"]
[BlackElo "2028"]
[PlyCount "51"]
[EventDate "2013.02.08"]
[EventType "swiss"]
[EventRounds "5"]
[EventCountry "GER"]
[SourceTitle "EXT 2015"]
[Source "ChessBase"]
[SourceDate "2014.11.20"]
[SourceVersion "1"]
[SourceVersionDate "2014.11.20"]
[SourceQuality "1"]

1. e4 c5 2. Nf3 Nc6 3. d4 cxd4 4. Nxd4 Nf6 5. Nc3 e6 6. Ndb5 d6 7. Bf4 e5 8. Bg5 a6 9. Na3 Be6 10. Nc4 Bxc4 11. Bxc4 Be7 12. Bxf6 Bxf6 13. 0-0 0-0 14. Nd5 b5 15. Bb3 g6 16. c3 Bg7 17. Qe2 Ne7 18. Rfd1 Nxd5 19. Rxd5 Qc7 20. Rad1 Rfd8 21. Qd2 Bf8 22. Rd3 Rab8 23. h4 h5 24. Rf3 Rd7 25. Qg5 Qd8 26. Qxg6+ 1-0

[Event "Solingen Karneval op"]
[Site "Solingen"]
[Date "2013.02.09"]
[Round "2"]
[White "Nguyen, Philipp"]
[Black "Jiritschka, Wolfgang"]
[Result "1-0"]
[WhiteElo "1425"]
[BlackElo "2028"]
[PlyCount "107"]
[EventDate "2013.02.08"]
[EventType "swiss"]
[EventRounds "5"]
[EventCountry "GER"]
[SourceTitle "EXT 2015"]
[Source "ChessBase"]
[SourceDate "2014.11.20"]
[SourceVersion "1"]
[SourceVersionDate "2014.11.20"]
[SourceQuality "1"]

1. e4 c5 2. Nf3 Nc6 3. d4 cxd4 4. Nxd4 e6 5. Be3 Nf6 6. Bd3 a6 7. Nc3 Qc7 8. 0-0 Bb4 9. Nce2 0-0 10. a3 Be7 11. Qd2 b5 12. Ng3 Bb7 13. Nb3 d5 14. Bf4 e5 15. Bg5 Nxe4 16. Nxe4 dxe4 17. Bxe4 Rad8 18. Qe3 f6 19. Qh3 g6 20. Bh6 Rf7 21. Rad1 Nd4 22. Nxd4 exd4 23. Qd3 Bf8 24. Bxf8 Kxf8 25. Rfe1 Qc5 26. Bxb7 Rxb7 27. Qe4 Qd5 28. Rxd4 Qxd4 29. Qxb7 Rd7 30. Qxa6 f5 31. Qxb5 Qd2 32. Qb4+ Qxb4 33. axb4 Rd2 34. Rc1 Ke7 35. Kf1 Rd4 36. c4 Rd2 37. Rb1 Rc2 38. b3 Kd6 39. Rd1+ Kc6 40. b5+ Kc7 41. Rb1 Kb6 42. g3 Kc7 43. Kg2 g5 44. h3 h5 45. Kf3 Rc3+ 46. Ke2 Rc2+ 47. Ke3 g4 48. hxg4 hxg4 49. Rd1 Rb2 50. Rd3 Kb6 51. f3 Rg2 52. Kf4 gxf3 53. Kxf3 Rg1 54. Kf4 1-0

[Event "Verbandsliga Mittelrhein-Ost 1213"]
[Site "Germany"]
[Date "2012.12.02"]
[Round "5.2"]
[White "Kneutgen, Alexander"]
[Black "Jiritschka, Wolfgang"]
[Result "1-0"]
[WhiteElo "2011"]
[BlackElo "1889"]
[PlyCount "71"]
[EventDate "2012.09.09"]
[EventType "team"]
[EventRounds "11"]
[EventCountry "GER"]
[SourceTitle "EXT 2015"]
[Source "ChessBase"]
[SourceDate "2014.11.20"]
[SourceVersion "1"]
[SourceVersionDate "2014.11.20"]
[SourceQuality "1"]
[WhiteTeam "Niederkassel II"]
[BlackTeam "Bayer Leverkusen II"]
[WhiteTeamCountry "GER"]
[BlackTeamCountry "GER"]

1. e4 c5 2. Nc3 Nc6 3. g3 g6 4. Bg2 Bg7 5. d3 d6 6. f4 Nf6 7. Nf3 a6 8. 0-0 0-0 9. h3 Qc7 10. g4 e6 11. Ne2 d5 12. e5 Nd7 13. c3 d4 14. Qe1 Rd8 15. Qf2 dxc3 16. bxc3 Rb8 17. Be3 Ne7 18. Ng5 b6 19. Qh4 Nf8 20. d4 Bb7 21. Ne4 Bxe4 22. Bxe4 Nd5 23. Bd2 b5 24. Rac1 Qe7 25. Qf2 c4 26. f5 exf5 27. gxf5 gxf5 28. Qxf5 Qe6 29. Qh5 Ng6 30. Rf2 Rf8 31. Rcf1 Rbd8 32. Ng3 Nde7 33. Bg5 Rd7 34. Nf5 f6 35. Nxg7 Kxg7 36. exf6+ 1-0

[Event "Cologne Longerich op 09th"]
[Site "Cologne"]
[Date "2012.08.05"]
[Round "5"]
[White "Hobusch, Jan"]
[Black "Jiritschka, Wolfgang"]
[Result "1/2-1/2"]
[WhiteElo "2042"]
[BlackElo "1865"]
[PlyCount "38"]
[EventDate "2012.08.03"]
[EventType "tourn"]
[EventRounds "5"]
[EventCountry "GER"]
[SourceTitle "EXT 2017"]
[Source "ChessBase"]
[SourceDate "2016.10.25"]
[SourceVersion "1"]
[SourceVersionDate "2016.10.25"]
[SourceQuality "1"]

1. d4 d5 2. Bf4 Nf6 3. e3 e6 4. Nf3 Bd6 5. Ne5 Nbd7 6. Nd2 c5 7. c3 Qc7 8. Ndf3 0-0 9. Bd3 Ne4 10. Nxd7 Bxd7 11. Bxe4 dxe4 12. Bxd6 Qxd6 13. Nd2 Qd5 14. Nb3 c4 15. Nd2 b5 16. 0-0 f5 17. f3 exf3 18. Qxf3 Bc6 19. Qxd5 Bxd5 1/2-1/2

[Event "Cologne Longerich op 09th"]
[Site "Cologne"]
[Date "2012.08.05"]
[Round "4"]
[White "Jiritschka, Wolfgang"]
[Black "Begri, Robert"]
[Result "1/2-1/2"]
[WhiteElo "1865"]
[BlackElo "2031"]
[PlyCount "31"]
[EventDate "2012.08.03"]
[EventType "tourn"]
[EventRounds "5"]
[EventCountry "GER"]
[SourceTitle "EXT 2017"]
[Source "ChessBase"]
[SourceDate "2016.10.25"]
[SourceVersion "1"]
[SourceVersionDate "2016.10.25"]
[SourceQuality "1"]

1. c4 Nf6 2. Nc3 e5 3. g3 Bb4 4. Bg2 0-0 5. e4 Nc6 6. Nge2 d6 7. a3 Bc5 8. 0-0 Be6 9. d3 Qd7 10. Nd5 Bxd5 11. cxd5 Nd4 12. Be3 Nxe2+ 13. Qxe2 Bxe3 14. Qxe3 c5 15. dxc6 bxc6 16. d4 1/2-1/2

[Event "Cologne Longerich op 09th"]
[Site "Cologne"]
[Date "2012.08.04"]
[Round "2"]
[White "Jiritschka, Wolfgang"]
[Black "Fieberg, Samuel"]
[Result "1-0"]
[WhiteElo "1865"]
[BlackElo "1745"]
[PlyCount "63"]
[EventDate "2012.08.03"]
[EventType "tourn"]
[EventRounds "5"]
[EventCountry "GER"]
[SourceTitle "EXT 2017"]
[Source "ChessBase"]
[SourceDate "2016.10.25"]
[SourceVersion "1"]
[SourceVersionDate "2016.10.25"]
[SourceQuality "1"]

1. c4 e5 2. Nc3 Nf6 3. g3 c6 4. d4 exd4 5. Qxd4 d5 6. cxd5 Nxd5 7. Nxd5 cxd5 8. Bg2 Be6 9. Bd2 Nc6 10. Qa4 Bc5 11. b4 Bxf2+ 12. Kxf2 Qf6+ 13. Nf3 0-0 14. Rac1 Rfe8 15. Bg5 Qf5 16. Qc2 Qg4 17. a3 f6 18. h3 Qh5 19. g4 Qf7 20. Bf4 Ne5 21. Nd4 Rac8 22. Qb3 Nc4 23. Rhd1 g5 24. Bg3 Rcd8 25. Nxe6 Qxe6 26. Bxd5 Rxd5 27. Qxc4 Qe3+ 28. Kf1 Qxg3 29. Qxd5+ Kh8 30. Qf3 Qe5 31. Rd5 Qb2 32. Rc7 1-0